[Event "Pan American-ch U12"]
[Site "Cali"]
[Date "2011.07.04"]
[Round "3"]
[White "Munoz, Francisco Javier"]
[Black "Gonzales Lituma, Gabriel Fernand"]
[Result "1-0"]
[WhiteElo "1919"]
[BlackElo "1697"]
[PlyCount "96"]
[EventDate "2011.07.03"]
[EventType "swiss"]
[EventRounds "9"]
[EventCountry "COL"]
[SourceTitle "CBM 143 Extra"]
[Source "ChessBase"]
[SourceDate "2011.08.29"]
[SourceVersion "1"]
[SourceVersionDate "2011.08.29"]
[SourceQuality "1"]

1. d4 d5 2. c4 c6 3. cxd5 Qxd5 4. Nc3 Qa5 5. e3 Nf6 6. Bd3 Bf5 7. a3 Bxd3 8. Qxd3 e6 9. Nf3 Nbd7 10. 0-0 Bd6 11. Bd2 Qc7 12. h3 0-0 13. Rfc1 a6 14. b4 Qb6 15. Ng5 h6 16. Nge4 Be7 17. Nc5 Nxc5 18. bxc5 Qc7 19. Na4 Nd5 20. Bc3 Rfd8 21. Qd2 Nxc3 22. Qxc3 Bf6 23. Nb6 Rab8 24. f4 g5 25. g3 gxf4 26. gxf4 Kh8 27. Kh1 Rg8 28. Rg1 Rxg1+ 29. Rxg1 Rg8 30. Rxg8+ Kxg8 31. Qd2 Kf8 32. Kg2 Ke7 33. Qd3 Qd8 34. Qh7 Qh8 35. Qxh8 Bxh8 36. Nc4 Kd7 37. Nd6 f5 38. Nxb7 Bf6 39. Nd6 Bh4 40. Kf3 Be1 41. Nf7 h5 42. Ne5+ Kc7 43. a4 h4 44. e4 Bc3 45. Ke3 Be1 46. Nf7 fxe4 47. Kxe4 Kd7 48. Ng5 Bg3 1-0